000
00270nam a2200097Ia 4500
005
20250424112831.0
008
250424s9999 xx 000 0 und d
300
_a
xii, 118 p. :ill. ; 29 cm.
650
_a
Internal revenue--Nigeria. Value-added tax--Nigeria.
942
_c
SR
999
_c
37406
_d
37406